| 000 | nam a22 a 4500 | ||
|---|---|---|---|
| 999 |
_c135469 _d135469 |
||
| 003 | BLK | ||
| 005 | 20220328152610.0 | ||
| 008 | 180409b bul|||||r ||||||| ||bul|| | ||
| 010 | _aKNG00141395000 | ||
| 040 | _aBLK | ||
| 041 |
_aBUL _cBUL |
||
| 080 |
_aФизика _b53 _x(075.4) _z53(075.4) |
||
| 080 |
_aМеханика _b531/534 _x(075.4) _z531/534(075.4) |
||
| 080 |
_aТермодинамика _b536 _x(075.4) _z536(075.4) |
||
| 080 |
_aЯдрена, атомна, молекулярна физика. Вж и 621.039.5; 621.384.6 _b539.1 _x(075.4) _z539.1(075.4) |
||
| 100 | 1 |
_aБончев, Любомир Петров _eпърви автор _9378765 |
|
| 139 |
_aБончев, Любомир Петров и др. _bБ 63 |
||
| 245 | 1 | 0 |
_aФизика _bУчебник за курсистите от средата на раб. и сел. младеж, обучавани във ВМЕИ В. И.Ленин - София : Т. 1 - _cЛюбомир Петров Бончев, Анастас М. Камарашев, Любен П. Лалов; под ред. на Любомир Петров Бончев. _nТ. 2 _pЕлектричество и магнетизам, оптика, атомна и ядрена физика |
| 257 | _aBGR | ||
| 260 |
_aСофия _bВМЕИ В. И. Ленин _c1981 |
||
| 300 | _c22 см | ||
| 380 | _a5 | ||
| 650 | 4 |
_aФизика - учебни помагала _9247618 |
|
| 650 | 4 |
_aЕлектромагнетизъм - учебни помагала _9324846 |
|
| 650 | 4 |
_aОптика - учебни помагала _9324847 |
|
| 650 | 4 |
_aЯдрена физика - учебни помагала _9324848 |
|
| 653 | _aфизика | ||
| 653 | _aелектромагнетизъм | ||
| 653 | _aоптика | ||
| 653 | _aядрена физика | ||
| 653 | _aучебници за курсове | ||
| 700 | 1 |
_aКамарашев, Анастас М. _eсъавт. _975583 |
|
| 700 | 1 |
_aЛалов, Любен П. _eсъавт. _9324843 |
|
| 700 | 1 |
_aБончев, Любомир Петров _eпод ред. на _9378765 |
|
| 760 | 1 |
_aБончев, Любомир Петров _d1981 _h240 с. : с черт. _nБиблиогр. с. 233-234. - На кор. год. на изд. 1982. _tТ. 2 Електричество и магнетизам, оптика, атомна и ядрена физика |
|
| 852 |
_aЦб 114091 _bЦб |
||
| 942 |
_cKNG _n0 _s1 |
||
| 944 |
_aCR _c29.03.2013 _l29.03.2013 - от С1,Р / 29.03.2013 _kКина_Георгиева |
||
| 944 |
_aED _c2022-03-28 _kГГГ |
||